马汉文集 (Record no. 67677)

000 -LEADER
fixed length control field 00534nam a22002057a 4500
003 - CONTROL NUMBER IDENTIFIER
control field MPLRDC
005 - DATE AND TIME OF LATEST TRANSACTION
control field 20220104202520.0
008 - FIXED-LENGTH DATA ELEMENTS--GENERAL INFORMATION
fixed length control field 210129b ||||| |||| 00| 0 eng d
020 ## - INTERNATIONAL STANDARD BOOK NUMBER
International Standard Book Number 7-80610-175-6
082 ## - DEWEY DECIMAL CLASSIFICATION NUMBER
Classification number 868.71 MH-9
100 ## - MAIN ENTRY--PERSONAL NAME
Personal name 云里风 主编
245 ## - TITLE STATEMENT
Title 马汉文集
Statement of responsibility, etc.
250 ## - EDITION STATEMENT
Edition statement 初版一刷
260 ## - PUBLICATION, DISTRIBUTION, ETC.
Place of publication, distribution, etc. 中国
Name of publisher, distributor, etc. 鹭江出版社
Date of publication, distribution, etc. 1995
300 ## - PHYSICAL DESCRIPTION
Other physical details
490 ## - SERIES STATEMENT
Series statement 东南亚华文文学大系: 马来西亚卷
520 ## - SUMMARY, ETC.
Summary, etc. 上架 2017-12-13。
650 ## - SUBJECT ADDED ENTRY--TOPICAL TERM
Topical term or geographic name entry element 马华文学
942 ## - ADDED ENTRY ELEMENTS (KOHA)
Koha item type Book
-- 868.71 MH-9
Holdings
Withdrawn status Lost status Source of classification or shelving scheme Damaged status Not for loan Collection code Home library Current library Shelving location Date acquired Cost, normal purchase price Total Checkouts Full call number Barcode Date last seen Date last checked out Price effective from Koha item type Public note
            Malaysian Public Library, Research and Development Centre Malaysian Public Library, Research and Development Centre   14/11/2017 17.90   868.71 MH-9 00061233 18/03/2021 14/11/2017 18/03/2021 Book mplrdc

© 2022. Malaysian Public Library, Research and Development Centre. All Right ReservedE-mailmplrdc@help.edu.my 

Powered by Koha